000 00691cam a2200229 04500
001 5966
010 _a9722600559
090 _a5966
100 _a20211231d1988 a||y0pory5003 ba
200 1 _aUm dia diferente
_fil. Sarah Kay
_gtexto Isabel Maria L. V. B. Monteiro da Silva
210 9 _a[Porto]
_cCivilização,
_dcop. 1988
215 _a[24] p.
_ctodo il.
_d29 cm
225 2 _aSarah Kay
606 _914
_aLiteratura infantil
606 _913
_aLiteratura Estrangeira
675 _a82-93
_vBN
_zpor
675 _a821.1/.8
_vBN
_zpor
700 _aKay
_bSarah
_95646
701 _aSilva
_bIsabel Maria L.V.B.Monteiro da
_95648
801 0 _aPT
_bBMVN
_gRPC
830 _cAna Caetano
_d31/12/2021
990 _cLIVROS